Encounters with chaos (Record no. 2776)

000 -LEADER
fixed length control field 00585nam a2200217 a 4500
001 - CONTROL NUMBER
control field 2776
003 - CONTROL NUMBER IDENTIFIER
control field BD-DhUET
008 - FIXED-LENGTH DATA ELEMENTS--GENERAL INFORMATION
fixed length control field 911030s1992 nyuaf b 001 0 eng
020 ## - INTERNATIONAL STANDARD BOOK NUMBER
International Standard Book Number 0071129278
040 ## - CATALOGING SOURCE
Original cataloging agency DLC
Transcribing agency DLC
Modifying agency BD-DhUET
082 00 - DEWEY DECIMAL CLASSIFICATION NUMBER
Classification number 003.7
Item number GUL/1992
100 ## - MAIN ENTRY--PERSONAL NAME
Personal name Gulick, Denny
245 10 - TITLE STATEMENT
Title Encounters with chaos
250 ## - EDITION STATEMENT
Edition statement 1st ed.
260 ## - PUBLICATION, DISTRIBUTION, ETC. (IMPRINT)
Place of publication, distribution, etc. New York
Name of publisher, distributor, etc. McGraw-Hill
Date of publication, distribution, etc. 1992
300 ## - PHYSICAL DESCRIPTION
Extent xii, 308 p.
Other physical details ill. (some col.)
Dimensions 25 cm.
490 ## - SERIES STATEMENT
Series statement Mathematics and Statistics Series
504 ## - BIBLIOGRAPHY, ETC. NOTE
Bibliography, etc Includes bibliographies
650 #0 - SUBJECT ADDED ENTRY--TOPICAL TERM
Topical term or geographic name as entry element Chaotic behavior in systems
942 ## - ADDED ENTRY ELEMENTS (KOHA)
Koha item type General Book
Holdings
Date acquired Sublocation or collection (holding branch) Location (home branch) Piece designation (barcode) Copy number Shelving location Koha normalized classification for sorting Koha date last seen Not for loan Price effective from Damaged status Source of classification or shelving scheme Koha full call number Lost status Withdrawn status Koha item type
2014-10-01Central Library, BUETCentral Library, BUET944871Circulation section003_000000000000000_7GUL19922014-10-01 2014-10-01  003.7/GUL/1992  General Book
2014-10-01Central Library, BUETCentral Library, BUET944882Circulation section003_000000000000000_7GUL19922014-10-01 2014-10-01  003.7/GUL/1992  General Book
2015-06-06Central Library, BUETCentral Library, BUET944863Reading section003_700000000000000_GUL_19922015-06-06 2015-06-06  003.7/GUL/1992  General Book